| 000 | 00000nam 2200000zi 4500 |
| 001 | 9.945742 |
| 003 | CaOODSP |
| 005 | 20241128150836 |
| 006 | m o d f |
| 007 | cr mn||||||||| |
| 008 | 241128s1976 oncab o f000 0 eng d |
| 040 | |aCaOODSP|beng|erda|cCaOODSP |
| 043 | |an-cn--- |
| 086 | 1 |aId31-46/1976E-PDF|zId31-46/1976 |
| 100 | 1 |aBanz, George, |eauthor. |
| 245 | 10|aComputer uses in the construction industry / |cprepared for the Department of Industry, Trade and Commerce by George Banz. |
| 264 | 1|aOttawa, Canada : |bDepartment of Industry, Trade and Commerce = Ministère de l'industrie et du commerce, |c1976. |
| 300 | |a1 online resource (27 pages) : |billustrations, maps |
| 336 | |atext|btxt|2rdacontent |
| 337 | |acomputer|bc|2rdamedia |
| 338 | |aonline resource|bcr|2rdacarrier |
| 500 | |aIssued also in French under title: Emplois possibles des ordinateurs dans l'industrie de la construction. |
| 500 | |aDigitized edition from print [produced by Innovation, Science and Economic Development Canada]. |
| 650 | 0|aConstruction industry|zCanada|xData processing. |
| 650 | 0|aBuilding|zCanada|xData processing. |
| 710 | 1 |aCanada. |bDepartment of Industry, Trade and Commerce, |eissuing body. |
| 775 | 08|tEmplois possibles des ordinateurs dans l'industrie de la construction / |w(CaOODSP)9.945745 |
| 856 | 40|qPDF|s3.50 MB|uhttps://publications.gc.ca/collections/collection_2024/isde-ised/Id31-46-1976-eng.pdf |